Planeamiento mercados y precios (Registro nro. 2888)
[ vista simple ]
| 000 -LEADER | |
|---|---|
| fixed length control field | 00833 a2200193 4500 |
| 001 - CONTROL NUMBER | |
| control field | 38441 |
| 005 - DATE AND TIME OF LATEST TRANSACTION | |
| control field | 20260407155647.0 |
| 008 - FIXED-LENGTH DATA ELEMENTS--GENERAL INFORMATION | |
| fixed length control field | 260407a1975 arg spa d |
| 003 - CONTROL NUMBER IDENTIFIER | |
| control field | AR-UNSa-BCEJYS |
| 040 ## - CATALOGING SOURCE | |
| Original cataloging agency | AR-UNSa-BCEJYS |
| Language of cataloging | spa |
| Transcribing agency | AR-UNSa-BCEJYS |
| 080 ## - UNIVERSAL DECIMAL CLASSIFICATION NUMBER | |
| Universal Decimal Classification number | 658.5 |
| Common auxiliary subdivision | Planificación y control de la producción<br/> |
| 100 1# - MAIN ENTRY--PERSONAL NAME | |
| Personal name | Bogo, Héctor Mario |
| 245 10 - TITLE STATEMENT | |
| Title | Planeamiento mercados y precios |
| 264 #1 - PRODUCTION, PUBLICATION, DISTRIBUTION, MANUFACTURE, AND COPYRIGHT NOTICE | |
| Place of production, publication, distribution, manufacture | Buenos Aires : |
| Name of producer, publisher, distributor, manufacturer | Ediciones Macchi-López |
| Date of production, publication, distribution, manufacture, or copyright notice | 1975 |
| 300 ## - PHYSICAL DESCRIPTION | |
| Extent | 662 p. |
| Dimensions | 23 cm. |
| 505 ## - FORMATTED CONTENTS NOTE | |
| Formatted contents note | 1. Planeamiento y prónostico - 2. Planeamiento y prónosticos ( continuación) - 3. Análisis de la demanda - 4. Análisis de los costos y la producción - 5. Análisis económicos de mercados - 6. Mercados y teoría de los juegos - 7. Estrategias y tácticas de precios. |
| 590 ## - LOCAL NOTE (RLIN) | |
| Local note | niveau_biblio:m niveau_hierar:0 |
| 942 ## - ADDED ENTRY ELEMENTS (KOHA) | |
| Koha item type | |
| Withdrawn status | Lost status | Damaged status | Not for loan | Home library | Current library | Shelving location | Date acquired | Total checkouts | Full call number | Barcode | Date last seen | Price effective from | Koha item type |
|---|---|---|---|---|---|---|---|---|---|---|---|---|---|
| Biblioteca Prof. Eusebio Cleto del Rey | Biblioteca Prof. Eusebio Cleto del Rey | 07/04/2026 | 658.5 B674 | L12491 | 07/04/2026 | 07/04/2026 | Libro | ||||||
| Biblioteca Prof. Eusebio Cleto del Rey | Biblioteca Prof. Eusebio Cleto del Rey | 07/04/2026 | 658.5 B674 | L12490 | 07/04/2026 | 07/04/2026 | Libro | ||||||
| Biblioteca Prof. Eusebio Cleto del Rey | Biblioteca Prof. Eusebio Cleto del Rey | 07/04/2026 | 658.5 B674 | L53228 | 07/04/2026 | 07/04/2026 | Libro |